000 01231cam a2200349 i 4500
001 2107459
003 EG-ScBUE
005 20250601083311.0
008 960710t1996 nyua f b 001 0 eng d
020 _a1563965445
040 _aEG-ScBUE
_beng
_erda
_cEG-ScBUE
_dEG-ScBUE
082 0 4 _a530.1
_222
_bQUA
245 0 0 _aQuantum physics, chaos theory, and cosmology /
_ceditors, Mikio Namiki [and three others], Waseda University, Tokyo, Japan.
264 1 _aWoodbury, New York :
_bAmerican Institute of Physics,
_c[1996]
264 4 _cc1996
300 _ax, 311 pages :
_billustrations ;
_c24 cm
336 _2rdacontent
_atext
_btxt
337 _aunmediated
_2rdamedia
_bn
338 _avolume
_bnc
_2rdacarrier
504 _aIncludes bibliographical references and index.
650 7 _aQuantum theory.
_97519
_2BUEsh
650 7 _aSpace and time.
_97521
_2BUEsh
650 7 _aChaotic behavior in systems.
_97522
_2BUEsh
650 7 _aCosmology.
_97523
_2BUEsh
650 7 _97520
_aPhysical measurements.
_2BUEsh
655 _vReading book
700 1 _aNamiki, Mikio,
_d1925-
_97524
_eeditor.
700 1 _aOhba, Ichiro,
_eeditor.
700 1 _aMaeda, Kei-ichi,
_eeditor.
700 1 _aAizawa, Youji,
_eeditor.
942 _2ddc
_cBB
999 _c12188
_d12188